Another Brick In The Wall, Pt. 2 - Pink Floyd - All Lyrics - Statistics

General Stats
  • This quiz has been taken 298 times
  • The average score is 89 of 96
Answer Stats
Answer % Correct
don't
99%
don't
99%
don't
99%
don't
99%
the
99%
the
99%
the
99%
the
99%
the
99%
the
99%
in
98%
in
98%
in
98%
in
98%
in
98%
in
98%
in
98%
in
98%
in
98%
in
98%
We
98%
We
98%
We
98%
We
98%
need
97%
need
97%
need
97%
need
97%
no
97%
no
97%
No
97%
no
97%
no
97%
No
97%
education
96%
education
96%
Teacher,
96%
Teacher!
96%
Teacher!
96%
alone
95%
alone!
95%
alone
95%
alone!
95%
brick
95%
brick
95%
brick
95%
brick
95%
control
95%
control
95%
kids
95%
kids
95%
kids
95%
kids
95%
leave
95%
Leave
95%
leave
95%
Leave
95%
wall
95%
wall
95%
wall
95%
wall
95%
another
94%
another
94%
another
94%
another
94%
Hey!
94%
Hey!
94%
just
92%
just
92%
just
92%
just
92%
All
91%
all,
91%
All
91%
all,
91%
All
91%
all,
91%
All
91%
all,
91%
classroom
90%
classroom
90%
them
89%
them
89%
them
89%
thought
84%
thought
84%
dark
83%
dark
83%
sarcasm
82%
sarcasm
82%
it's
77%
you're
70%
you're
70%
you're
70%
us
61%
Teachers,
52%
No matching quizzes found
Score Distribution
Percent of People with Each Score
Percentile by Number Answered
Your Score History
You have not taken this quiz